[Event "Wch Blitz"]
[Site "Moscow"]
[Date "2019.12.30"]
[Round "16"]
[White "Studer, Noel"]
[Black "Mozharov, Mikhail"]
[Result "1/2-1/2"]
[WhiteElo "2546"]
[BlackElo "2558"]
[PlyCount "126"]
[EventDate "2019.12.29"]
[EventType "swiss (blitz)"]
[EventRounds "21"]
[EventCountry "RUS"]
[SourceTitle "CBM 193 Extra"]
[Source "ChessBase"]
[SourceDate "2020.01.31"]
[SourceVersion "1"]
[SourceVersionDate "2020.01.31"]
[SourceQuality "1"]

1. d4 Nf6 2. c4 e6 3. Nf3 d5 4. g3 dxc4 5. Bg2 c5 6. 0-0 Nc6 7. dxc5 Qxd1 8. Rxd1 Bxc5 9. Nfd2 Na5 10. Na3 Bxa3 11. bxa3 0-0 12. Ne4 Nxe4 13. Bxe4 e5 14. Bb2 Nc6 15. Rac1 Be6 16. Bxc6 bxc6 17. Bxe5 Rfd8 18. f3 Rd5 19. Bc3 Rad8 20. Re1 h5 21. Kf2 R8d7 22. Rb1 Kh7 23. Rec1 Kg6 24. Ke1 Rb5 25. a4 Rxb1 26. Rxb1 Bd5 27. Rb8 c5 28. Rc8 Rb7 29. Rxc5 Rb1+ 30. Kf2 Be6 31. h4 Rc1 32. Rg5+ Kh7 33. Rxg7+ Kh6 34. Bd2+ Kxg7 35. Bxc1 c3 36. a3 Bb3 37. a5 a6 38. Ke3 Bd1 39. Kf2 Kg6 40. Ke1 c2 41. Kf2 f5 42. Bb2 Kf7 43. Bc1 Kg6 44. Ke3 Kf7 45. Kd3 Kg6 46. f4 Kf6 47. e4 Ke6 48. Kd4 Bf3 49. e5 Bd1 50. Kc5 Be2 51. Bd2 Ke7 52. Kb6 Ke6 53. Bc1 Bb5 54. Kc7 Ba4 55. Kd8 Bb5 56. Kc7 Bc4 57. Kb6 Bd3 58. Kc5 Be2 59. Kd4 Bd1 60. Kd3 Kd5 61. Ke3 Bg4 62. Bb2 Bd1 63. Bc1 Bg4 1/2-1/2

[Event "Wch Blitz"]
[Site "Moscow"]
[Date "2019.12.29"]
[Round "12"]
[White "Gurvich, Vitaly"]
[Black "Mozharov, Mikhail"]
[Result "1/2-1/2"]
[WhiteElo "2230"]
[BlackElo "2558"]
[PlyCount "111"]
[EventDate "2019.12.29"]
[EventType "swiss (blitz)"]
[EventRounds "21"]
[EventCountry "RUS"]
[SourceTitle "CBM 193 Extra"]
[Source "ChessBase"]
[SourceDate "2020.01.31"]
[SourceVersion "1"]
[SourceVersionDate "2020.01.31"]
[SourceQuality "1"]

1. d4 Nf6 2. c4 e6 3. Nf3 d5 4. g3 Bb4+ 5. Bd2 Bd6 6. Bg2 c6 7. 0-0 Nbd7 8. Qc2 0-0 9. Bg5 h6 10. Bxf6 Nxf6 11. Nbd2 Be7 12. e4 b6 13. e5 Nd7 14. cxd5 cxd5 15. Rfc1 Bb7 16. Qd3 Nb8 17. h4 Nc6 18. a3 Rc8 19. b4 Qd7 20. Bh3 Nb8 21. Bf1 Bc6 22. Nh2 Ba4 23. Ng4 Rxc1 24. Rxc1 Rc8 25. Rxc8+ Qxc8 26. Qe3 Bf8 27. Bd3 a5 28. bxa5 bxa5 29. Nf1 Qd8 30. Bb1 Bb5 31. Qb3 Bxf1 32. Kxf1 Nd7 33. h5 Qg5 34. Qd3 Bxa3 35. Qh7+ Kf8 36. Ne3 Qxh5 37. Kg2 Bc1 38. Qh8+ Ke7 39. Nf1 Qg5 40. Qc8 Qg4 41. Qxc1 Qxd4 42. f4 a4 43. Qa3+ Kd8 44. Bc2 g5 45. Qxa4 Qc3 46. Bd1 Qe1 47. Bf3 Qc1 48. Qa8+ Ke7 49. Qh8 gxf4 50. Qxh6 Qb2+ 51. Kg1 fxg3 52. Qg5+ Ke8 53. Qg8+ Ke7 54. Qg5+ Kf8 55. Qd8+ Kg7 56. Qg5+ 1/2-1/2

[Event "Wch Blitz"]
[Site "Moscow"]
[Date "2019.12.29"]
[Round "10"]
[White "Harsha, Bharathakoti"]
[Black "Mozharov, Mikhail"]
[Result "1-0"]
[WhiteElo "2523"]
[BlackElo "2558"]
[PlyCount "87"]
[EventDate "2019.12.29"]
[EventType "swiss (blitz)"]
[EventRounds "21"]
[EventCountry "RUS"]
[SourceTitle "CBM 193 Extra"]
[Source "ChessBase"]
[SourceDate "2020.01.31"]
[SourceVersion "1"]
[SourceVersionDate "2020.01.31"]
[SourceQuality "1"]

1. f4 d5 2. Nf3 g6 3. g3 Bg7 4. Bg2 c6 5. 0-0 Qb6+ 6. d4 Nd7 7. e3 Nh6 8. c4 Nf5 9. g4 Nh6 10. h3 e6 11. Qb3 f5 12. g5 Nf7 13. Nc3 Qa6 14. Nd2 h6 15. h4 Qb6 16. Rf2 Qd8 17. Qc2 Qe7 18. b3 b6 19. a4 Bb7 20. Ba3 Qd8 21. Re1 Bf8 22. Bb2 Nd6 23. e4 fxe4 24. Ndxe4 dxe4 25. Nxe4 Nf5 26. d5 Rh7 27. dxe6 Re7 28. exd7+ Kf7 29. h5 Qxd7 30. Rd1 Qc7 31. hxg6+ Kxg6 32. Ng3 Bc8 33. Bh3 Rf7 34. Be5 Qe7 35. Rd6+ Qxd6 36. Bxd6 Bxd6 37. Nxf5 Bxf5 38. Bxf5+ Rxf5 39. Rg2 Raf8 40. gxh6+ Kh7 41. Qe4 Bxf4 42. Qe7+ Kxh6 43. Qg7+ Kh5 44. Qg6+ 1-0

[Event "Wch Blitz"]
[Site "Moscow"]
[Date "2019.12.29"]
[Round "11"]
[White "Mozharov, Mikhail"]
[Black "Baron, Tal"]
[Result "0-1"]
[WhiteElo "2558"]
[BlackElo "2541"]
[PlyCount "66"]
[EventDate "2019.12.29"]
[EventType "swiss (blitz)"]
[EventRounds "21"]
[EventCountry "RUS"]
[SourceTitle "CBM 193 Extra"]
[Source "ChessBase"]
[SourceDate "2020.01.31"]
[SourceVersion "1"]
[SourceVersionDate "2020.01.31"]
[SourceQuality "1"]

1. c4 c5 2. Nf3 Nf6 3. Nc3 d5 4. cxd5 Nxd5 5. e3 e6 6. Nxd5 exd5 7. b4 cxb4 8. Bb2 Nc6 9. Nd4 h5 10. Rc1 Rh6 11. Bd3 Qg5 12. 0-0 Bh3 13. Qf3 Bg4 14. Qg3 h4 15. f4 hxg3 16. fxg5 gxh2+ 17. Kh1 Rd6 18. Rf4 Bd7 19. Nf5 Rg6 20. Rcf1 Rxg5 21. Nh4 Be6 22. Nf3 Rh5 23. Bb5 a6 24. Bxc6+ bxc6 25. Nd4 Bd6 26. Nxe6 fxe6 27. Rf7 0-0-0 28. Rc1 c5 29. Rxg7 Rf8 30. Ra7 Rhf5 31. g3 Bxg3 32. Kg2 Rf1 33. Rxc5+ Kb8 0-1

[Event "Wch Blitz"]
[Site "Moscow"]
[Date "2019.12.29"]
[Round "9"]
[White "Mozharov, Mikhail"]
[Black "Xu, Xiangyu"]
[Result "0-1"]
[WhiteElo "2558"]
[BlackElo "2582"]
[PlyCount "52"]
[EventDate "2019.12.29"]
[EventType "swiss (blitz)"]
[EventRounds "21"]
[EventCountry "RUS"]
[SourceTitle "CBM 193 Extra"]
[Source "ChessBase"]
[SourceDate "2020.01.31"]
[SourceVersion "1"]
[SourceVersionDate "2020.01.31"]
[SourceQuality "1"]

1. e4 e5 2. Nf3 Nf6 3. Nxe5 d6 4. Nf3 Nxe4 5. Nc3 Nxc3 6. dxc3 Nc6 7. Be3 Bf5 8. Qd2 Be7 9. 0-0-0 Qd7 10. Bc4 Be6 11. Bd5 Bxd5 12. Qxd5 Qe6 13. c4 Qxd5 14. cxd5 Ne5 15. Nd2 Kd7 16. h3 Rae8 17. Rhe1 f5 18. b3 Bf6 19. a4 a6 20. Kb1 Ng6 21. Nc4 Re7 22. Nb2 Rhe8 23. Bd2 Rxe1 24. Rxe1 Rxe1+ 25. Bxe1 Nf4 26. g3 Nxd5 0-1